LEADER 01573nam1-2200445---450- 001 990001019170203316 005 20101221084507.0 010 $a88-13-17143-9$bvol.1 010 $a88-13-17804-X$bvol.2 010 $a88-13-17610-4$bvol.3 010 $a88-13-17627-9$bvol.4 010 $a88-13-17628-7$bvol.5 035 $a0101917 035 $aUSA010101917 035 $a(ALEPH)000101917USA01 035 $a0101917 100 $a20020306d1992----km-y0ITAy01------ba 101 $aita 102 $aIT 105 $a||||||||001yy 200 1 $aCodice commentato della imposizione fiscale sulle società$eannotato articolo per articolo con ampie note di bibliografia, dottrina, prassi amministrativa, giurisprudenza e formulario$fCalogero Vinci, Mario Gagliardi 210 $aPadova$cCEDAM$d1992 215 $a5 v.in 6$d25 cm 606 0 $aSocietà commerciali$xTributi$yItalia$aLegislazione 676 $a343.4506802638 700 1$aVINCI,$bCalogero$0107166 701 1$aGAGLIARDI,$bMario$0107167 801 0$aIT$bsalbc$gISBD 912 $a990001019170203316 951 $aXXV.3.E. 598 1 (IG II 453/I)$b29 G$cXXV.3.E. 598 1 (IG II)$d00241022 959 $aBK 969 $aGIU 979 $aPATTY$b90$c20020306$lUSA01$h1627 979 $c20020403$lUSA01$h1743 979 $aPATRY$b90$c20040406$lUSA01$h1710 979 $aRSIAV3$b90$c20090721$lUSA01$h1557 979 $aRSIAV3$b90$c20090721$lUSA01$h1619 979 $aRSIAV4$b90$c20101221$lUSA01$h0845 996 $aCodice commentato della imposizione fiscale sulle società$9974422 997 $aUNISA LEADER 02527nam2-2200409---450- 001 990005875680203316 005 20130729123850.0 010 $a978-92-9241-055-1 035 $a000587568 035 $aUSA01000587568 035 $a(ALEPH)000587568USA01 035 $a000587568 100 $a20130725d2012----km-y0itaa50------ba 101 0 $aita 102 $aLU 105 $a||||||||001yy 200 1 $a<> Fondo europeo per l'integrazione e il Fondo europeo per i rifugiati contribuiscono efficacemente all'integrazione dei cittadini di paesi terzi?$fCorte dei conti europea 210 $aLussemburgo$cUfficio delle pubblicazioni dell'Unione europea$d2012 215 $a64 p.$cill.$d30cm 225 2 $aRelazione speciale$v22/2012 330 $aLa relazione valuta se il Fondo europeo per l?integrazione di cittadini dei paesi terzi ed il Fondo europeo per i rifugiati contribuiscano efficacemente all?integrazione dei cittadini di paesi terzi nell?UE. È stato rilevato che, nonostante i risultati positivi osservati a livello dei singoli progetti sottoposti ad audit, i sistemi creati per misurare il successo dei programmi erano inadeguati. La concezione dei programmi dei fondi ne comprometteva l?efficacia e il coordinamento con altri fondi UE era inadeguato. La Corte raccomanda, tra l?altro, una semplificazione delle modalità di programmazione e una valutazione globale delle necessità di integrazione dei migranti, indipendentemente dal fatto che abbiano la nazionalità dell?UE o di un paese terzo. Sulla base di questa valutazione, occorrerebbe definire una struttura appropriata per questi fondi. [Ed.] 410 0$1001000351941$aRelazione speciale 606 0 $aImmigrati$xIntegrazione sociale$yPaesi dell'Unione europea$2BNCF 606 0 $aProfughi$xIntegrazione sociale$yPaesi dell'Unione europea$2BNCF 676 $a305.90691094 699 $a14.07$bIntegrazione degli immigrati 710 02$aCorte dei conti europea$0541549 801 0$aIT$bsalbc$gISBD 856 4 $uhttp://bookshop.europa.eu/uri?target=EUB:NOTICE:QJAB12022:IT:HTML$4.$zAccesso libero online 912 $a990005875680203316 951 $aCDE 14.07 (IX)$bCDE 2942$cCDE 14.07$d00140633 959 $aBK 969 $aCDE 14.07 979 $aMARIAS$b90$c20130725$lUSA01$h0953 979 $aMARIAS$b90$c20130729$lUSA01$h1238 996 $aFondo europeo per l'integrazione e il Fondo europeo per i rifugiati contribuiscono efficacemente all'integrazione dei cittadini di paesi terzi$91086022 997 $aUNISA